<?xml version="1.0" encoding="UTF-8"?><?xml-stylesheet type="text/xsl" href="static/style.xsl"?><OAI-PMH xmlns="http://www.openarchives.org/OAI/2.0/" xmlns:xsi="http://www.w3.org/2001/XMLSchema-instance" xsi:schemaLocation="http://www.openarchives.org/OAI/2.0/ http://www.openarchives.org/OAI/2.0/OAI-PMH.xsd"><responseDate>2026-06-29T23:31:58Z</responseDate><request verb="GetRecord" identifier="oai:docta.ucm.es:20.500.14352/136755" metadataPrefix="marc">https://docta.ucm.es/rest/oai/request</request><GetRecord><record><header><identifier>oai:docta.ucm.es:20.500.14352/136755</identifier><datestamp>2026-05-20T00:03:51Z</datestamp><setSpec>com_20.500.14352_14</setSpec><setSpec>col_20.500.14352_19</setSpec></header><metadata><record xmlns="http://www.loc.gov/MARC21/slim" xmlns:dcterms="http://purl.org/dc/terms/" xmlns:xsi="http://www.w3.org/2001/XMLSchema-instance" xmlns:doc="http://www.lyncode.com/xoai" xsi:schemaLocation="http://www.loc.gov/MARC21/slim http://www.loc.gov/standards/marcxml/schema/MARC21slim.xsd">
   <leader>00925njm 22002777a 4500</leader>
   <datafield ind2=" " ind1=" " tag="042">
      <subfield code="a">dc</subfield>
   </datafield>
   <datafield ind2=" " ind1=" " tag="720">
      <subfield code="a">Pérez González, María del Carmen</subfield>
      <subfield code="e">author</subfield>
   </datafield>
   <datafield ind2=" " ind1=" " tag="720">
      <subfield code="a">Ruiz Bago, Jesús</subfield>
      <subfield code="e">author</subfield>
   </datafield>
   <datafield ind2=" " ind1=" " tag="720">
      <subfield code="a">Jaume Pérez, Borja</subfield>
      <subfield code="e">author</subfield>
   </datafield>
   <datafield ind2=" " ind1=" " tag="260">
      <subfield code="c">2024-11-26</subfield>
   </datafield>
   <datafield ind2=" " ind1=" " tag="520">
      <subfield code="a">Modelo de utilidad en el ámbito del dibujo y la animación que consiste en una mesa de luz portátil diseñada para facilitar procesos de creación gráfica mediante retroiluminación. La invención se configura como una estructura tipo caja-atril inclinada, compuesta por paneles ligeros y un soporte de metacrilato translúcido que permite la visualización superpuesta de imágenes.
El dispositivo incorpora un sistema dual de iluminación que constituye su principal innovación: por un lado, una fuente de luz LED alimentada mediante energía solar integrada en el interior de la estructura, y por otro, la posibilidad de incorporar una tableta de luz LED externa alimentada por red eléctrica o conexión USB. Este sistema permite adaptar el dispositivo a distintos contextos de uso, tanto en entornos con acceso a electricidad como en situaciones de trabajo autónomo.
La mesa presenta un diseño ergonómico con inclinación optimizada para el trabajo visual, así como elementos de fijación que garantizan la estabilidad de los componentes. Su construcción con materiales ligeros favorece la portabilidad, mientras que el uso de energía solar introduce criterios de eficiencia energética y sostenibilidad.
La invención se sitúa en la intersección entre arte, tecnología y pedagogía, ofreciendo una herramienta versátil para la enseñanza de la animación, el dibujo y la experimentación visual en contextos educativos y profesionales.</subfield>
   </datafield>
   <datafield ind1="8" ind2=" " tag="024">
      <subfield code="a">https://hdl.handle.net/20.500.14352/136755</subfield>
   </datafield>
   <datafield ind1="8" ind2=" " tag="024">
      <subfield code="a">https://www.ucm.es/otri/mesa-de-luz-portatil</subfield>
   </datafield>
   <datafield ind1="8" ind2=" " tag="024">
      <subfield code="a">ES 1 311 849 U</subfield>
   </datafield>
   <datafield ind1="8" ind2=" " tag="024">
      <subfield code="a">https://consultas2.oepm.es/pdf/ES/0000/000/01/31/18/ES-1311849_U.pdf</subfield>
   </datafield>
   <datafield ind2="0" ind1="0" tag="245">
      <subfield code="a">Mesa de luz portátil para animación con dos opciones de iluminación</subfield>
   </datafield>
</record></metadata></record></GetRecord></OAI-PMH>